00769nam a22002177a 450000500170000001000150001702000270003202000150005903500140007403700090008808200100009710000230010724500650013025000060019526000330020127000970023430000250033194200240035699900190038095201520039920241213114616.0 aENG-142995 a9788189110321c1495.00 a8189110322 aEN-126527 bDBAD a305.4 aNayar, Usha975132 aEducation of Muslim Women and Girls in India/cBy Usha Nayar a1 aDelhibThe women Pressc2011 a27, Priyadarshini Vihar Part-1, Bhamashah Marg G.T. Karnal Road, Delhi-110009bDelhie110009 axvi,416pp.c23cm(hb) 2ddccENh305.4mWOM c207673d207673 001040708NFICaAVbAVd2024-12-13eDelivery of Books Divisiong1495.00l0o305.4 WOMpEN-126527r2024-12-13 00:00:00t1v1495.00w2024-12-13yEN